000 00914nam a2200253 a 4500
003 CO-ViMGA
005 20230915233143.0
008 130618s2012 sp a gr 00010 spa d
020 _a9788415163848
040 _aCO-ViMGA
_bspa
_cCO-ViMGA
043 _as-ag---
082 0 4 _a741.5982
_bS17o
_219
100 0 _aSaracino, Luciano,
_d1978-
_95214
245 1 0 _aOmetepe :
_bla isla de los dos volcanes y las mil historias /
_cguión de Luciano Saracino ; dibujo y color de Javier de Isusi.
260 _aBilbao :
_bAstiberri Ediciones,
_c2012.
300 _a76 p. :
_bil. ;
_c25 cm.
490 0 _aColección sillón orejero
650 1 4 _aCuentos gráficos argentinos.
_95215
650 1 4 _aSelva
_v Cuentos gráficos.
_95216
651 4 _aOmetepe (Isla, Nicaragua)
_v Cuentos gráficos.
_95217
700 1 _aIsusi, Javier de,
_d1972-.
_95218
700 1 _aSaracino, Luciano,
_d1978-
_95214
942 _2ddc
_cBK
999 _c35927
_d35927